<?xml version="1.0" encoding="UTF-8"?><?xml-stylesheet type="text/xsl" href="static/style.xsl"?><OAI-PMH xmlns="http://www.openarchives.org/OAI/2.0/" xmlns:xsi="http://www.w3.org/2001/XMLSchema-instance" xsi:schemaLocation="http://www.openarchives.org/OAI/2.0/ http://www.openarchives.org/OAI/2.0/OAI-PMH.xsd"><responseDate>2026-04-28T19:51:22Z</responseDate><request verb="GetRecord" identifier="oai:uvadoc.uva.es:10324/68105" metadataPrefix="marc">https://uvadoc.uva.es/oai/request</request><GetRecord><record><header><identifier>oai:uvadoc.uva.es:10324/68105</identifier><datestamp>2025-03-12T13:17:35Z</datestamp><setSpec>com_10324_1129</setSpec><setSpec>com_10324_931</setSpec><setSpec>com_10324_894</setSpec><setSpec>col_10324_1193</setSpec></header><metadata><record xmlns="http://www.loc.gov/MARC21/slim" xmlns:doc="http://www.lyncode.com/xoai" xmlns:xsi="http://www.w3.org/2001/XMLSchema-instance" xmlns:dcterms="http://purl.org/dc/terms/" xsi:schemaLocation="http://www.loc.gov/MARC21/slim http://www.loc.gov/standards/marcxml/schema/MARC21slim.xsd">
<leader>00925njm 22002777a 4500</leader>
<datafield tag="042" ind1=" " ind2=" ">
<subfield code="a">dc</subfield>
</datafield>
<datafield tag="720" ind1=" " ind2=" ">
<subfield code="a">Barkatou, Moulay</subfield>
<subfield code="e">author</subfield>
</datafield>
<datafield tag="720" ind1=" " ind2=" ">
<subfield code="a">Carnicero, Félix Álvaro</subfield>
<subfield code="e">author</subfield>
</datafield>
<datafield tag="720" ind1=" " ind2=" ">
<subfield code="a">Sanz Sánchez, Fernando</subfield>
<subfield code="e">author</subfield>
</datafield>
<datafield tag="260" ind1=" " ind2=" ">
<subfield code="c">2023</subfield>
</datafield>
<datafield tag="520" ind1=" " ind2=" ">
<subfield code="a">We establish a version of Turrittin's result on normal forms of&#xd;
linear systems of meromorphic ODEs when the base  eld K is real and closed.&#xd;
Both the proposed normal forms and the transformations used have coe cients&#xd;
in K. Our motivation comes from applications to the study of trajectories of&#xd;
real analytic vector  elds (already treated in the literature in dimension three).&#xd;
For the sake of clarity and completeness, we  rst review Turrittin's theorem&#xd;
in the case of an algebraically closed base  eld.</subfield>
</datafield>
<datafield tag="024" ind2=" " ind1="8">
<subfield code="a">Electronic Journal of Di erential Equations, Vol. 2023, No. 79, pp. 1-23.</subfield>
</datafield>
<datafield tag="024" ind2=" " ind1="8">
<subfield code="a">1072-6691</subfield>
</datafield>
<datafield tag="024" ind2=" " ind1="8">
<subfield code="a">https://uvadoc.uva.es/handle/10324/68105</subfield>
</datafield>
<datafield tag="024" ind2=" " ind1="8">
<subfield code="a">10.58997/ejde.2023.79</subfield>
</datafield>
<datafield tag="024" ind2=" " ind1="8">
<subfield code="a">1</subfield>
</datafield>
<datafield tag="024" ind2=" " ind1="8">
<subfield code="a">23</subfield>
</datafield>
<datafield tag="024" ind2=" " ind1="8">
<subfield code="a">Electronic Journal of Differential Equations</subfield>
</datafield>
<datafield tag="024" ind2=" " ind1="8">
<subfield code="a">2023</subfield>
</datafield>
<datafield tag="024" ind2=" " ind1="8">
<subfield code="a">1072-6691</subfield>
</datafield>
<datafield tag="245" ind1="0" ind2="0">
<subfield code="a">Turrittin's normal forms for linear systems of meromorphic ODEs over the real field</subfield>
</datafield>
</record></metadata></record></GetRecord></OAI-PMH>